000 00770nam a2200253Ia 4500
003 OSt
005 20221005050008.0
006 a|||||r|||| 00| 0
007 ta
008 221004b |||||||| |||| 00| 0 ben d
020 _a8170793947 (hbk)
_c100
024 _a4133
037 _b772, 16/03/2013, Bright Book Service
_cTextual
040 _aCRL
_cCRL
_bben
041 _2ben
_aben
082 _aO157,3NBH1x, P5
100 _aBhattacharayya Nimai
_9594207
245 0 _aSrestha galpa
260 _aKolkata
_bSudhangshu Sekhar Dey Dey's Pub India
_c2005
300 _a215p.
_ccm.
650 _aBENGALI LITERATURE
942 _hO157,3NBH1x, P5
_cTEXL
_2cc
999 _c956116
_d956116